Технико-экономическое исследование геометрии трехфазных силовых трансформаторов; Научно-техническая конференция молодых ученых и специалистов. Секция энергетики

Dades bibliogràfiques
Parent link:Научно-техническая конференция молодых ученых и специалистов. Секция энергетики.— 1966.— С. 28-30
Autor principal: Дель Г. В.
Idioma:rus
Publicat: 1966
Matèries:
Format: MixedMaterials Capítol de llibre
KOHA link:https://koha.lib.tpu.ru/cgi-bin/koha/opac-detail.pl?biblionumber=592307

MARC

LEADER 00000naa0a2200000 4500
001 592307
005 20250828133034.0
035 |a (RuTPU)RU\TPU\tpu\3947 
035 |a TPU00003947 
090 |a 592307 
100 |a 20011210d1966 k||y0rusy50 ca 
101 0 |a rus 
102 |a RU 
200 1 |a Технико-экономическое исследование геометрии трехфазных силовых трансформаторов  |f Г. В. Дель 
463 1 |t Научно-техническая конференция молодых ученых и специалистов. Секция энергетики  |v С. 28-30  |o тезисы докладов  |d 1966 
610 1 |a электротехника 
610 1 |a труды учёных ТПУ 
700 1 |a Дель  |b Г. В. 
801 0 |a RU  |b 63413507  |c 20011210  |g PSBO 
801 2 |a RU  |b 63413507  |c 20070614  |g PSBO 
942 |c BK